• 首页
  • 本馆介绍
  • 公告通知
  • 最新文献
  • 馆藏检索
  • 电子资源
  • 读者导购
  • 参考咨询
  • 我的图书馆
  • 登录
  • 详细信息显示
  • 放入我的书架
  • 预约/预借图书
  • 作者相关作品
  • 分类相关作品
  • 丛书相关作品
  • 出版社相关作品

书目信息

  • 表格格式
  • 工作单格式
  • 卡片格式
题名:
古代罗马艺术
    
 
作者: 刘志鹗 著
分册:  
出版信息: 北京   商务印书馆  1982
页数: 41页
开本: 19cm
丛书名: 外国历史丛书
单 册:
中图分类: J110.92
科图分类:
主题词: 罗马艺术 , 艺术--世界 , 美术--世界
电子资源:
ISBN:
000 00733nam2 2200289 45
001 0182007899
005 20040513090812.2
010    @dCNY0.16
091    @a11017.560
100    @a19950526d1982 em y0chiy0121 ea
101 0  @achi
102    @aCN@b110000
105    @aa z 000yy
106    @ar
200 10 @a古代罗马艺术@Agu dai luo ma yi shu@f刘志鹗著
210    @a北京@c商务印书馆@d1982
215    @a41页@c图片@d19cm
225 2  @a外国历史丛书
410  0 @120010@a外国历史丛书
606    @a罗马艺术
606 0  @a艺术@x世界
606 0  @a美术@x世界
690    @aJ110.92
701  0 @a刘志鹗@Aliu zhi e@4著
801  0 @aCN@b上海图书馆@c20040513
801  2 @aCN@bNLC@c20040513
905    @f2@b216716-717@dJ110.92@e17
    
    古代罗马艺术/刘志鹗著.-北京:商务印书馆,1982
    41页:图片;19cm.-(外国历史丛书)
    
    
    ISBN :CNY0.16
    
●
相关链接 在E读中查询图书 在五车中查询图书 在当当中查询图书 在豆瓣中查询图书


正题名:古代罗马艺术     索取号:J110.92/17         预约/预借

序号 登录号 条形码 馆藏地/架位号 状态 备注
1 0216716   001239476   第一借阅区/ [索取号:J110.92/17] 在馆    
2 0216717   001239485   第一借阅区/ [索取号:J110.92/17] 在馆    
3 0216718   001239412   第一样本阅览室/ [索取号:J110.92/17] 在馆    
唐山师范学院图书馆 欢迎您!
大连网信软件有限公司© 版权所有